00718nam a22001097a 4500040000800000082002700008100001600035245041800051260002600469300002600495856008700521 cRUA aAGR PHY 2009 B041 Or.1 aPHY, CHHIN. aoptions for improving household food security and income generation in sna ansar commune, krakor district, pursat province (ជំរើសនានាសម្រាប់កែលំអសន្តិសុខស្បៀងនិង​ប្រាក់ចំនូល គ្រួសារនៅឃុំស្នាអង្សារ​ ស្រុកក្រគរ ខេត្តពោធិសាត់) aPhnom PenhbRUAc2009 axi, 61p.bill.c29cm. uhttps://drive.google.com/file/d/1h3zC-T5wCe68jQW3ZY8Yn9jChgnQGYTi/view?usp=sharing